00914nam a22002297a 4500003000900000005001700009007000300026008004100029020001500070040002800085082000700113100004500120245011400165260014100279300002200420490004000442590002900482830004700511942001400558952009500572999001700667DO-SdBNP20230228143503.0ta220912b2006 ec ||||| |||| 00| 0 spa d a9978950419 aDO-SdBNP bspacBNPHU  42221 930052aBarriga López, Franklin.d1945-10aTemas contemporáneos : bsociología, política y relaciones internacionales /cFranklin Barriga López. aQuito, Ecuador bInstituto Ecuatoriano de Estudios para las Relaciones Internacionales,bGrupo de Observadores Latinoamericanos, c2006. a292 p. ;b22 cm. 1 aProblemas del mundo comtemporáneo aInventariado, 2022 /LP  0aProblemas del mundo comtemporáneo982346 2ddccLBS1 00102ddc51708GRaBNPHUbBNPHUcCTd2022-09-12p2022-3909r2022-09-12w2022-09-12yLBS1 c52374d52374